000 00713nam a2200217Ii 4500
003 JO-AjNU
008 230605s9999||||xx |||||||||||||| ||und||
017 _a2006/5/1180
040 _aJO-AjNU
_bara
_erda
_cJO-AjNU
041 _aara
050 1 4 _aPJ7538.A289 2007
100 3 _aأبو لبن، زياد,
_eauthor
_949460
245 0 0 _aأبي والشيخ
250 _aالطبعة العربية
264 3 1 _aعمان: دار اليازوري العلمية للنشر والتوزيع، 2007
300 _a112ص
336 _atext
_btxt
_2rdacontent
337 _aunmediated
_bn
_2rdamedia
338 _avolume
_bnc
_2rdacarrier
650 4 _aالقصص العربية - العصر الحديث
_949461
999 _aA21725
_c25293
_d25293